Integrated vector management (Record no. 129912)
[ view plain ]
| 000 -LEADER | |
|---|---|
| fixed length control field | 01762nam a2200385 a 4500 |
| 082 04 - DEWEY DECIMAL CLASSIFICATION NUMBER | |
| Classification number | 614.4/32 |
| 100 1# - MAIN ENTRY--AUTHOR NAME | |
| Personal name | Matthews, G. A. |
| 245 10 - TITLE STATEMENT | |
| Title | Integrated vector management |
| 260 ## - PUBLICATION, DISTRIBUTION, ETC. (IMPRINT) | |
| Place of publication | Chichester, West Sussex, U.K. ; |
| -- | Ames, Iowa : |
| Name of publisher | Wiley-Blackwell, |
| Year of publication | 2011. |
| 300 ## - PHYSICAL DESCRIPTION | |
| Number of Pages | xi, 234 p. : |
| Other physical details | ill. |
| 505 0# - FORMATTED CONTENTS NOTE | |
| Formatted contents note | Indoor residual spraying -- Space treatment -- Bed nets and treated clothing -- Larviciding -- Integrated vector management -- Other insects: flies, cockroaches and bed bugs -- Looking ahead. |
| 650 #0 - SUBJECT ADDED ENTRY--TOPICAL TERM | |
| Topical Term | Insects as carriers of disease |
| Topical Term | Vector control. |
| Topical Term | Insect pests |
| 856 40 - ELECTRONIC LOCATION AND ACCESS | |
| Uniform Resource Identifier | http://site.ebrary.com/lib/rucke/Doc?id=10494604 |
No items available.
